Ulubiony deser z czasów naszego dzieciństwa. - Statystyki

Ogólne statystyki
  • Ten quiz został rozwiązany 17 razy
  • Średni wynik to 2 z 8
Statystyki odpowiedzi
Hint Odpowiedź % Poprawnych
6. Lody
75%
1. Kogel mogel
50%
3. Galaretka
31%
8. Lizak
31%
7. Wata cukrowa
25%
5. Truskawki ze śmietaną
6%
4. Blok czekoladowy
0%
2. Pudding
0%
Nie znaleziono quizów pasujących do podanych kryteriów
Rozkład punktacji
Procent ludzi z każdym wynikiem
Percentyl według liczby udzielonych odpowiedzi
Twoja historia wyników
Nie rozwiązałeś tego quizu